Подробности
| 000 -МАРКЕР |
| контрольное поле |
01329nam0a2200337 4500 |
| 001 - ИДЕНТИФИКАТОР ЗАПИСИ |
| контрольное поле |
RU\NLR\bibl\1508364 |
| 005 - ИДЕНТИФИКАТОР ВЕРСИИ |
| контрольное поле |
20260409075111.0 |
| 010 ## - МЕЖДУНАРОДНЫЙ СТАНДАРТНЫЙ НОМЕР КНИГИ (ISBN) |
| Номер (ISBN) |
978-5-94303-027-7 |
| Тираж |
5000 |
| 021 ## - НОМЕР ГОСУДАРСТВЕННОЙ РЕГИСТРАЦИИ |
| Код страны |
Российская Федерация |
| Номер |
2010-21867 |
| Номер Листа государственной регистраци |
1475 |
| 035 ## - ДРУГИЕ СИСТЕМНЫЕ НОМЕРА |
| Идентификатор записи |
(NLR Aleph) 001499775 |
| 100 ## - ДАННЫЕ ОБЩЕЙ ОБРАБОТКИ |
| Данные общей обработки |
20100506d2009 u y0rusy50 ca |
| 101 1# - ЯЗЫК РЕСУРСА |
| Язык текста, звукозаписи и т.д. |
русский |
| Язык оригинала |
немецкий |
| 102 ## - СТРАНА ПУБЛИКАЦИИ ИЛИ ПРОИЗВОДСТВА |
| Страна публикации |
Российская Федерация |
| 105 ## - ПОЛЕ КОДИРОВАННЫХ ДАННЫХ: ТЕКСТОВЫЕ МАТЕРИАЛЫ, МОНОГРАФИЧЕСКИЕ |
| Кодированные данные о монографическом текстовом документе |
a ||||||||| |
| 200 1# - ЗАГЛАВИЕ И СВЕДЕНИЯ ОБ ОТВЕТСТВЕННОСТИ |
| Основное заглавие |
Будда и любовь |
| Сведения, относящиеся к заглавию |
как любить и быть счастливым |
| Первые сведения об ответственности |
Лама Оле Нидал |
| Последующие сведения об ответственности |
[пер. с нем. В. Рагимова] |
| 210 ## - ПУБЛИКАЦИЯ, РАСПРОСТРАНЕНИЕ И ДР. |
| Место издания, распространения и т.д. |
Москва |
| Имя издателя, распространителя и т. д. |
Алмазный путь |
| Дата издания, распространения и т.д. |
2009 |
| 215 ## - ФИЗИЧЕСКАЯ ХАРАКТЕРИСТИКА |
| Специфическое обозначение материала и объем |
255 с. |
| Другие сведения о физической характеристике |
ил. |
| Размеры |
21 |
| 225 1# - СЕРИЯ |
| Основное заглавие серии |
Серия "Буддизм сегодня" |
| 300 ## - ОБЩИЕ ПРИМЕЧАНИЯ |
| Текст примечания |
Загл. и авт. ориг.: Der Buddha und die Liebe / Lama Ole Nydahl |
| 454 #0 - ОРИГИНАЛ (ПЕРЕВОДА) |
| Встроенное поле |
2001#$aDer Buddha und die Liebe |
| -- |
700#1$aNydahl$bO.$f1941-$gOle$4070 |
| Заглавие |
Der Buddha und die Liebe |
| Автор |
Nydahl, Ole (1941-) |
| 606 ## - НАИМЕНОВАНИЕ ТЕМЫ КАК ПРЕДМЕТ |
| Наименование темы |
Любовь (религ.) |
| Идентификатор авторитетной/нормативной записи |
RU\NLR\auth\661390813 |
| Системный номер авторитетной/нормативной записи |
2325148 |
| 606 1# - НАИМЕНОВАНИЕ ТЕМЫ КАК ПРЕДМЕТ |
| Наименование темы |
Буддизм |
| Системный номер авторитетной/нормативной записи |
1062925 |
| Идентификатор авторитетной/нормативной записи |
RU\NLR\auth\6694377 |
| 686 ## - ИНДЕКСЫ ДРУГИХ КЛАССИФИКАЦИЙ |
| Индекс |
Э35,0 |
| 700 #1 - ИМЯ ЛИЦА - ПЕРВИЧНАЯ ОТВЕТСТВЕННОСТЬ |
| Код отношения |
Автор |
| Материалы, к которым относится поле |
rus |
| Графика поля |
Кириллица |
| Начальный элемент ввода |
Нидал |
| Часть имени, кроме начального элемента ввода |
О. |
| Даты |
1941- |
| Расширение инициалов личного имени |
Оле |
| Идентификатор авторитетной/нормативной записи |
RU\NLR\auth\778641 |
| Системный номер авторитетной/нормативной записи |
118540 |
| 801 #0 - ИСТОЧНИК ЗАПИСИ |
| Страна |
Российская Федерация |
| Организация |
NLR |
| Дата составления |
20100506 |
| Правила каталогизации |
RCR |
| 801 #1 - ИСТОЧНИК ЗАПИСИ |
| Страна |
Российская Федерация |
| Организация |
NLR |
| Дата составления |
20100506 |
| 942 ## - ДОПОЛНИТЕЛЬНЫЕ ЭЛЕМЕНТЫ ЗАПИСИ (АБИС) |
| Тип экземпляра АБИС |
Книга |
| 980 ## - КОЛЛЕКЦИЯ |
| Название коллекции |
Национальная библиография |